[Event "2014 Australian Championships"]
[Site "Melbourne"]
[Date "2014.01.05"]
[Round "5.8"]
[White "Dragicevic, Domagoj"]
[Black "Lane, Gary"]
[Result "0-1"]
[WhiteElo "2199"]
[BlackElo "2375"]
[PlyCount "86"]
[EventDate "2014.01.??"]
[EventType "swiss"]
[EventRounds "11"]
[EventCountry "AUS"]
[SourceDate "2014.01.02"]

1. e4 e5 2. Nf3 Nc6 3. Bb5 a6 4. Ba4 Nf6 5. O-O Be7 6. Re1 b5 7. Bb3 d6 8. c3
O-O 9. h3 Nb8 10. d4 Nbd7 11. Nbd2 Bb7 12. a4 c5 13. d5 c4 14. Bc2 Nc5 15. Nf1
Rb8 16. Ng3 Bc8 17. axb5 axb5 18. Be3 Qc7 19. Nd2 Re8 20. Rf1 Bf8 21. f4 exf4
22. Bxf4 Nfd7 23. Nf3 Ne5 24. Nxe5 dxe5 25. Bd2 g6 26. Qf3 Bg7 27. Be3 f6 28.
Qf2 Na6 29. b4 cxb3 30. Bxb3 Qxc3 31. Rab1 Kh8 32. h4 h5 33. Rfc1 Qa5 34. Rc6
Rf8 35. Bb6 Qa3 36. Qe2 Bd7 37. Bc7 Bxc6 38. Bxb8 Nxb8 39. dxc6 Nxc6 40. Nxh5
Nd4 41. Qg4 Nxb3 42. Qxg6 Qa7+ 43. Kh2 Nd4 0-1

[Event "2014 Australian Championships"]
[Site "Melbourne"]
[Date "2014.01.05"]
[Round "5.9"]
[White "Wallis, Christopher"]
[Black "Schon, Eugene"]
[Result "1/2-1/2"]
[WhiteElo "2346"]
[BlackElo "2195"]
[PlyCount "171"]
[EventDate "2014.01.??"]
[EventType "swiss"]
[EventRounds "11"]
[EventCountry "AUS"]
[SourceDate "2014.01.02"]

1. c4 Nf6 2. Nc3 e5 3. g3 Bb4 4. Bg2 O-O 5. Nf3 Re8 6. O-O e4 7. Ne1 Bxc3 8.
dxc3 d6 9. Nc2 Nbd7 10. Ne3 Ne5 11. Qc2 Neg4 12. Nd5 h6 13. h3 Nxd5 14. cxd5
Nf6 15. c4 Qe7 16. Qc3 c6 17. dxc6 bxc6 18. Rd1 d5 19. cxd5 cxd5 20. Be3 Be6
21. Rac1 Rec8 22. Qa5 Rxc1 23. Rxc1 Ne8 24. Bd4 Qb7 25. e3 a6 26. Bf1 Bd7 27.
Rc5 Bc6 28. Qc3 Bd7 29. Qb3 Qxb3 30. axb3 Be6 31. Ra5 Rb8 32. Rxa6 Rxb3 33. Ra8
Bd7 34. Rd8 Bc6 35. Rc8 Bd7 36. Rc5 Be6 37. Rb5 Rxb5 38. Bxb5 Nd6 39. Bc6 Bxh3
40. Bc5 Nc4 41. b4 Be6 42. b5 Na5 43. Ba8 Bc8 44. Bxd5 Bb7 45. Ba2 Bc8 46. Bb4
Nb7 47. Bd5 Nd8 48. Bxe4 Bb7 49. Bd3 Ne6 50. f4 g6 51. Kf2 h5 52. Bd6 f5 53.
Ke2 Kf7 54. Bc4 Kf6 55. Kd3 g5 56. Be5+ Ke7 57. fxg5 Nxg5 58. Kc3 Nf3 59. Bf4
Kd7 60. Kb4 h4 61. gxh4 Nxh4 62. Kc5 Be4 63. b6 Ng2 64. Bb5+ Kd8 65. Bc6 Nxf4
66. exf4 Bc2 67. Kd6 Kc8 68. Bd5 Kb8 69. Ke5 Kc8 70. Be6+ Kb7 71. Bxf5 Bd1 72.
Kd6 Kxb6 73. Be4 Bg4 74. Bc6 Bf5 75. Bd7 Bc2 76. Ke5 Kc7 77. Bf5 Bb3 78. Kf6
Kd8 79. Bg6 Bc4 80. Kg7 Be6 81. Kf6 Bc4 82. Bc2 Ke8 83. Kg7 Be6 84. Bh7 Ke7 85.
f5 Bxf5 86. Bxf5 1/2-1/2

[Event "2014 Australian Championships"]
[Site "Melbourne"]
[Date "2014.01.05"]
[Round "5.10"]
[White "Zulfic, Fedja"]
[Black "Canfell, Greg"]
[Result "1-0"]
[WhiteElo "2152"]
[BlackElo "2343"]
[PlyCount "59"]
[EventDate "2014.01.??"]
[EventType "swiss"]
[EventRounds "11"]
[EventCountry "AUS"]
[SourceDate "2014.01.02"]

1. e4 c5 2. Nf3 e6 3. d4 cxd4 4. Nxd4 Nf6 5. Nc3 d6 6. g4 h6 7. h4 Nc6 8. Rg1
h5 9. gxh5 Nxh5 10. Bg5 Nf6 11. Qd2 a6 12. Be2 Bd7 13. O-O-O Qb6 14. Nb3 Qxf2
15. h5 Nxh5 16. Be3 Qf6 17. Rg5 g6 18. e5 Nxe5 19. Ne4 Qg7 20. Nxd6+ Bxd6 21.
Qxd6 f6 22. Rxe5 fxe5 23. Nc5 Nf6 24. Bg5 Rh7 25. Bxf6 Qxf6 26. Nxd7 Qg5+ 27.
Kb1 Re7 28. Nb6 Qg2 29. Bc4 Qg4 30. b3 1-0

[Event "2014 Australian Championships"]
[Site "Melbourne"]
[Date "2014.01.05"]
[Round "5.11"]
[White "Li, Luke"]
[Black "Nemeth, John"]
[Result "1-0"]
[WhiteElo "2336"]
[BlackElo "2115"]
[PlyCount "89"]
[EventDate "2014.01.??"]
[EventType "swiss"]
[EventRounds "11"]
[EventCountry "AUS"]
[SourceDate "2014.01.02"]

1. d4 d5 2. c4 e6 3. Nc3 Nf6 4. cxd5 exd5 5. Bg5 Be7 6. e3 O-O 7. Bd3 h6 8. Bf4
Re8 9. h3 c6 10. Nf3 Nbd7 11. O-O Nf8 12. Qc2 b6 13. Rac1 Bb7 14. Qa4 Ne6 15.
Bh2 c5 16. Bb5 Rf8 17. dxc5 Nxc5 18. Qd4 Rc8 19. Rfd1 Nce4 20. Nxe4 dxe4 21.
Qxd8 Rfxd8 22. Rxd8+ Rxd8 23. Nd4 Nd5 24. Nf5 Bf8 25. Rd1 g6 26. Ng3 Rc8 27.
Nxe4 Nxe3 28. Nf6+ Kg7 29. Nh5+ gxh5 30. fxe3 Rc2 31. Be5+ Kg8 32. Bf1 Be4 33.
Rd8 Rc6 34. Bb5 Rg6 35. Bf1 Rc6 36. Kf2 f6 37. Bc3 a5 38. Be2 h4 39. Rd4 f5 40.
Rd8 Kf7 41. Bh5+ Kg8 42. Bd1 Rg6 43. Bb3+ Kh7 44. Rxf8 Rxg2+ 45. Kf1 1-0

[Event "2014 Australian Championships"]
[Site "Melbourne"]
[Date "2014.01.05"]
[Round "5.12"]
[White "Penrose, Justin"]
[Black "McClymont, Brodie"]
[Result "0-1"]
[WhiteElo "1986"]
[BlackElo "2261"]
[PlyCount "78"]
[EventDate "2014.01.??"]
[EventType "swiss"]
[EventRounds "11"]
[EventCountry "AUS"]
[SourceDate "2014.01.02"]

1. e4 c5 2. Nf3 d6 3. c3 Nf6 4. Be2 Bd7 5. Qc2 Bc6 6. d3 Nbd7 7. O-O Qc7 8. h3
d5 9. Nbd2 e5 10. exd5 Nxd5 11. Re1 Be7 12. Nf1 O-O 13. a3 Nf4 14. Ng3 Rae8 15.
Bxf4 exf4 16. Ne4 h6 17. b4 a5 18. bxc5 Nxc5 19. Nxc5 Bxc5 20. Qb2 Qb6 21. Qxb6
Bxb6 22. d4 Bc7 23. Nd2 b5 24. Bf3 Rxe1+ 25. Rxe1 Bxf3 26. Nxf3 Bd6 27. a4 bxa4
28. c4 Bb4 29. Ra1 a3 30. Kf1 Re8 31. Ne5 f6 32. Nd3 Re4 33. c5 Rxd4 34. Ke2
Rc4 35. Kf3 g5 36. c6 Rxc6 37. Ke4 Kf7 38. Ra2 Ke6 39. f3 Rc4# 0-1

[Event "2014 Australian Championships"]
[Site "Melbourne"]
[Date "2014.01.05"]
[Round "5.13"]
[White "Matheson, Laurence"]
[Black "Brown, Andrew"]
[Result "1-0"]
[WhiteElo "2161"]
[BlackElo "2259"]
[PlyCount "103"]
[EventDate "2014.01.??"]
[EventType "swiss"]
[EventRounds "11"]
[EventCountry "AUS"]
[SourceDate "2014.01.02"]

1. e4 e5 2. Nf3 Nc6 3. Bb5 a6 4. Ba4 Nf6 5. d3 d6 6. c3 Be7 7. O-O O-O 8. Nbd2
b5 9. Bc2 Re8 10. Qe2 Nh5 11. Rd1 Nf4 12. Qf1 g5 13. d4 g4 14. Ne1 exd4 15. Nb3
Bg5 16. cxd4 d5 17. e5 f6 18. Nd3 fxe5 19. dxe5 Ng6 20. f4 gxf3 21. Qxf3 Rf8
22. Bxg5 Qxg5 23. Qxd5+ Kh8 24. Qxc6 Bh3 25. Kh1 Ne7 26. Qe4 Bf5 27. Qe1 Rg8
28. Qd2 Qh4 29. Ne1 Rad8 30. Qc3 b4 31. Qc5 Rdf8 32. Nf3 Qh5 33. Nbd4 Bxc2 34.
Qxc2 Nd5 35. Qe4 Nf4 36. Rd2 c5 37. Nc2 Ne6 38. Rf1 Rf4 39. Qe3 Rgf8 40. Rdf2
Qf5 41. Kg1 Rg8 42. Nfe1 Rxf2 43. Rxf2 Qh5 44. Qf3 Qxe5 45. Re2 Qxb2 46. Rxe6
a5 47. Qf6+ Qxf6 48. Rxf6 a4 49. Rb6 Rd8 50. Nxb4 cxb4 51. Rxb4 Rd1 52. Kf1 1-0

[Event "2014 Australian Championships"]
[Site "Melbourne"]
[Date "2014.01.05"]
[Round "5.14"]
[White "Loh, Zachary"]
[Black "Choong, Yita"]
[Result "1/2-1/2"]
[WhiteElo "2032"]
[BlackElo "2203"]
[PlyCount "57"]
[EventDate "2014.01.??"]
[EventType "swiss"]
[EventRounds "11"]
[EventCountry "AUS"]
[SourceDate "2014.01.02"]

1. d4 Nf6 2. c4 g6 3. Nc3 d5 4. Nf3 Bg7 5. Bf4 O-O 6. Rc1 c6 7. e3 a6 8. Bd3
dxc4 9. Bxc4 b5 10. Bb3 a5 11. O-O a4 12. Bc2 Na6 13. Ne5 Bb7 14. h3 Qb6 15.
Ne4 Rad8 16. Qe2 Nd7 17. Nd3 Rfe8 18. Rfd1 Nf6 19. Nec5 Nxc5 20. Nxc5 Nd5 21.
Bg3 Bc8 22. Be4 Bf8 23. Nd3 Be6 24. Qc2 f5 25. Bf3 Rc8 26. Qd2 Red8 27. Nc5 Bf7
28. Qe1 Nf6 29. b3 1/2-1/2

[Event "2014 Australian Championships"]
[Site "Melbourne"]
[Date "2014.01.05"]
[Round "5.15"]
[White "Michaille, Laurent"]
[Black "Hu, Jason"]
[Result "0-1"]
[WhiteElo "2115"]
[BlackElo "2118"]
[PlyCount "92"]
[EventDate "2014.01.??"]
[EventType "swiss"]
[EventRounds "11"]
[EventCountry "AUS"]
[SourceDate "2014.01.02"]

1. e4 c6 2. Nc3 d5 3. Nf3 Bg4 4. h3 Bxf3 5. Qxf3 Nf6 6. d3 e6 7. a3 a6 8. g3
Be7 9. Bg2 O-O 10. O-O b5 11. b3 Qb6 12. Bb2 Rd8 13. Rfe1 a5 14. Ne2 Nbd7 15.
Nf4 Rac8 16. Rab1 Nf8 17. Qe2 Ng6 18. Nxg6 hxg6 19. c4 Bc5 20. Red1 Bd4 21.
exd5 Bxb2 22. Qxb2 cxd5 23. cxb5 Qxb5 24. d4 Rc6 25. Rdc1 Rxc1+ 26. Rxc1 Rb8
27. Rb1 Ne4 28. Bf1 Qb6 29. Bd3 Nd6 30. b4 axb4 31. axb4 Nf5 32. Bxf5 gxf5 33.
b5 Rc8 34. Ra1 Rc4 35. Rd1 g6 36. h4 Kg7 37. Kg2 Kf6 38. Rd3 Kg7 39. f4 Ra4 40.
Rb3 Rc4 41. Kf3 Qa5 42. Ke2 Ra4 43. b6 Ra1 44. Rb4 Qa6+ 45. Kd2 Rg1 46. Qc3
Rg2+ 0-1

[Event "2014 Australian Championships"]
[Site "Melbourne"]
[Date "2014.01.05"]
[Round "5.16"]
[White "Jordan, Bill"]
[Black "Wohl, Aleksandar"]
[Result "0-1"]
[WhiteElo "2270"]
[BlackElo "2371"]
[PlyCount "100"]
[EventDate "2014.01.??"]
[EventType "swiss"]
[EventRounds "11"]
[EventCountry "AUS"]
[SourceDate "2014.01.02"]

1. e4 g6 2. d4 Bg7 3. Nf3 d6 4. Bc4 a6 5. O-O e6 6. a4 b6 7. Qe2 Ne7 8. c3 h6
9. Be3 Nd7 10. Nbd2 Bb7 11. Bd3 O-O 12. Ne1 f5 13. f4 Nf6 14. Bf2 fxe4 15. Nxe4
Nfd5 16. Qg4 Rxf4 17. Qxe6+ Kh8 18. Nd2 Rf6 19. Qg4 Nf5 20. Nc2 h5 21. Qd1 Nf4
22. Ne4 Re6 23. Re1 Qe7 24. Ng3 Nh4 25. Rxe6 Qxe6 26. Nxh5 Nh3+ 27. gxh3 Qd5
28. Kf1 Qg2+ 29. Ke1 Re8+ 30. Ne3 Rxe3+ 31. Bxe3 Nf3+ 32. Qxf3 Qxf3 33. Kd2
Qxh5 34. Rg1 Bh6 35. Rxg6 Bxe3+ 36. Kxe3 Qxh3+ 37. Kd2 Qxh2+ 38. Be2 Qf4+ 39.
Kd1 Qf5 40. Rh6+ Kg7 41. Rh5 Qb1+ 42. Kd2 Qxb2+ 43. Kd3 Be4+ 44. Ke3 Bg6 45.
Rh4 Qxc3+ 46. Kf2 a5 47. Rg4 Qc2 48. Ke3 Kf6 49. Rf4+ Ke7 50. Rg4 Qxe2+ 0-1

[Event "2014 Australian Championships"]
[Site "Melbourne"]
[Date "2014.01.05"]
[Round "5.17"]
[White "Charles, Gareth"]
[Black "Pyke, Malcolm"]
[Result "1-0"]
[WhiteElo "2150"]
[BlackElo "2123"]
[PlyCount "83"]
[EventDate "2014.01.??"]
[EventType "swiss"]
[EventRounds "11"]
[EventCountry "AUS"]
[SourceDate "2014.01.02"]

1. c4 Nf6 2. Nc3 d6 3. g3 c5 4. Bg2 g6 5. Nf3 Nc6 6. d4 cxd4 7. Nxd4 Bd7 8. O-O
Bg7 9. Nc2 O-O 10. Ne3 Rc8 11. f4 Na5 12. Qd3 Ng4 13. b3 b5 14. Rb1 Nxe3 15.
Bxe3 bxc4 16. bxc4 Nxc4 17. Bxa7 Na3 18. Rb3 Rxc3 19. Rxc3 Nb5 20. Rb3 Nxa7 21.
e3 Bc6 22. Qa6 Bxg2 23. Kxg2 Qa8+ 24. Rb7 Rb8 25. Rfb1 Bf8 26. Kg1 Nc8 27. Qxa8
Rxa8 28. Rb8 Rxb8 29. Rxb8 Na7 30. a4 d5 31. Rb7 Nc6 32. Rb6 Na7 33. Ra6 Nc8
34. Rc6 Nd6 35. Rxd6 exd6 36. a5 d4 37. a6 d3 38. Kf2 d5 39. a7 d4 40. a8=Q d2
41. Ke2 dxe3 42. Qe8 1-0

[Event "2014 Australian Championships"]
[Site "Melbourne"]
[Date "2014.01.05"]
[Round "5.18"]
[White "Levi, Eddy"]
[Black "Stojic, Svetozar"]
[Result "1-0"]
[WhiteElo "2134"]
[BlackElo "2029"]
[PlyCount "75"]
[EventDate "2014.01.??"]
[EventType "swiss"]
[EventRounds "11"]
[EventCountry "AUS"]
[SourceDate "2014.01.02"]

1. e4 c5 2. Nf3 d6 3. Bb5+ Nd7 4. O-O Ngf6 5. Re1 e5 6. c3 a6 7. Bf1 g6 8. d4
Bg7 9. a4 O-O 10. Na3 exd4 11. cxd4 Re8 12. e5 dxe5 13. dxe5 Nxe5 14. Nxe5 Qxd1
15. Rxd1 Rxe5 16. Nc4 Rd5 17. Re1 Rd8 18. Nb6 Ra7 19. Bf4 Be6 20. Rad1 Re8 21.
Re2 h6 22. Red2 Bb3 23. Rc1 Ne4 24. Re1 g5 25. Rxe4 Rxe4 26. Rd8+ Kh7 27. Bd3
f5 28. Bxe4 fxe4 29. Bb8 Bxb2 30. Bxa7 c4 31. Rd7+ Kg6 32. Nd5 b5 33. axb5 axb5
34. Ne3 b4 35. Bd4 Bxd4 36. Rxd4 c3 37. Rxb4 c2 38. Rb6+ 1-0

[Event "2014 Australian Championships"]
[Site "Melbourne"]
[Date "2014.01.05"]
[Round "5.19"]
[White "Vlietstra, Marc"]
[Black "Puccini, Jack"]
[Result "0-1"]
[WhiteElo "2035"]
[BlackElo "2078"]
[PlyCount "82"]
[EventDate "2014.01.??"]
[EventType "swiss"]
[EventRounds "11"]
[EventCountry "AUS"]
[SourceDate "2014.01.02"]

1. f4 d5 2. Nf3 g6 3. g3 Bg7 4. Bg2 c5 5. c4 Nf6 6. O-O O-O 7. cxd5 Nxd5 8. Nc3
Nxc3 9. dxc3 Qc7 10. e4 b6 11. Qc2 Nd7 12. f5 Bb7 13. Bf4 Ne5 14. Kh1 Rad8 15.
b3 a5 16. Rae1 c4 17. b4 Ba6 18. bxa5 bxa5 19. Rd1 Qc5 20. Nxe5 Bxe5 21. Bxe5
Qxe5 22. Rd5 Rxd5 23. exd5 Bb7 24. fxg6 hxg6 25. Qd2 Rd8 26. Rd1 Bxd5 27. Kg1
e6 28. Bf1 Rb8 29. Kf2 Qf5+ 30. Qf4 Rb2+ 31. Ke3 Qc2 32. Rxd5 exd5 33. Kd4 Qf2+
34. Kxd5 Qxf4 35. gxf4 Rxa2 36. Kxc4 Rf2 37. Bd3 Rxf4+ 38. Kb5 a4 39. c4 a3 40.
Bb1 Rf1 41. Ba2 Rf2 0-1

[Event "2014 Australian Championships"]
[Site "Melbourne"]
[Date "2014.01.05"]
[Round "5.20"]
[White "Stojic, Dusan"]
[Black "Castor, David"]
[Result "0-1"]
[WhiteElo "2233"]
[BlackElo "2125"]
[PlyCount "118"]
[EventDate "2014.01.??"]
[EventType "swiss"]
[EventRounds "11"]
[EventCountry "AUS"]
[SourceDate "2014.01.02"]

1. e4 e5 2. Nf3 Nc6 3. Bb5 Nf6 4. O-O Nxe4 5. d4 Nd6 6. Bxc6 dxc6 7. dxe5 Nf5
8. Qxd8+ Kxd8 9. Nc3 h6 10. h3 Be6 11. Bf4 Be7 12. Rad1+ Kc8 13. g4 Nh4 14.
Nxh4 Bxh4 15. Kg2 b6 16. Bg3 Bxg3 17. Kxg3 g5 18. h4 h5 19. hxg5 hxg4 20. Rh1
Kb7 21. Rh6 Rhg8 22. Kf4 Rad8 23. Rxd8 Rxd8 24. g6 fxg6 25. Rxg6 Bc8 26. e6
Rf8+ 27. Ke3 Rf3+ 28. Ke2 Rf5 29. Rxg4 Bxe6 30. Re4 Rf6 31. f4 Bf5 32. Re7 Bxc2
33. Ke3 Rd6 34. Ne4 Rd3+ 35. Ke2 Rd4 36. Ke3 Rd3+ 37. Ke2 Rd4 38. Kf3 Rd3+ 39.
Kg4 Rd4 40. Nc3 b5 41. Kg5 b4 42. Ne2 Rd2 43. f5 Bxf5 44. Kxf5 Rxb2 45. Nc1
Rf2+ 46. Kg4 Rc2 47. Re1 c5 48. Kf4 c4 49. Ke5 Kb6 50. Ne2 c6 51. Nf4 Rxa2 52.
Kd4 Rc2 53. Re6 b3 54. Nd5+ Kb5 55. Ne3 c5+ 56. Ke5 Re2 57. Kf4 c3 58. Re7 c2
59. Rb7+ Kc6 0-1

[Event "2014 Australian Championships"]
[Site "Melbourne"]
[Date "2014.01.05"]
[Round "5.21"]
[White "Louie, Ryan"]
[Black "Tang, Jason"]
[Result "1/2-1/2"]
[WhiteElo "1909"]
[BlackElo "2067"]
[PlyCount "153"]
[EventDate "2014.01.??"]
[EventType "swiss"]
[EventRounds "11"]
[EventCountry "AUS"]
[SourceDate "2014.01.02"]

1. e4 e6 2. d4 d5 3. Nd2 Nf6 4. e5 Nfd7 5. f4 c5 6. c3 Nc6 7. Ndf3 Qb6 8. h4
cxd4 9. cxd4 Bb4+ 10. Kf2 f6 11. Be3 fxe5 12. fxe5 O-O 13. Ne2 Be7 14. Qc1 Qd8
15. Kg1 Nb6 16. Nf4 Qe8 17. Ng5 Bxg5 18. hxg5 g6 19. Rh6 Ne7 20. g4 Rf7 21. b3
Bd7 22. a4 Rc8 23. Qd2 Qf8 24. Bd3 a6 25. Rf1 Rc6 26. Rf3 Be8 27. Qe1 Nd7 28.
Bd2 Qg7 29. Bb4 Nf8 30. Qd2 Rb6 31. Bc2 Rc6 32. Bd3 Rb6 33. Bb1 Bxa4 34. bxa4
a5 35. Bxe7 Rxb1+ 36. Kg2 Rxe7 37. Qxa5 Rc7 38. Rf2 Rd1 39. Qa8 Rf7 40. Qa7 b5
41. Qc5 bxa4 42. Rh3 Rc7 43. Qb6 Qe7 44. Rhf3 Rcc1 45. Ne2 Rc8 46. Nc3 Rc1 47.
Ne2 R1c2 48. Qb1 Nd7 49. Qb7 R2c7 50. Qa6 Rc6 51. Qb7 R6c7 52. Qa6 Nb8 53. Qxa4
Qxg5 54. Qa3 Qe7 55. Qe3 Nc6 56. Rf6 Re8 57. Nf4 Nd8 58. Nxg6 Qg7 59. Rf8+ Rxf8
60. Rxf8+ Qxf8 61. Nxf8 Kxf8 62. Qh6+ Ke8 63. Kf2 Rf7+ 64. Ke2 Kd7 65. Qh5 Rg7
66. Qh6 Rxg4 67. Qxh7+ Kc6 68. Qe7 Rg8 69. Kd3 Rg3+ 70. Kd2 Rg8 71. Kc3 Rg3+
72. Kb4 Rg8 73. Qd6+ Kb7 74. Kb5 Kc8 75. Qe7 Rg1 76. Qe8 Rc1 77. Kb6 1/2-1/2

[Event "2014 Australian Championships"]
[Site "Melbourne"]
[Date "2014.01.05"]
[Round "6.1"]
[White "Ly, Moulthun"]
[Black "Papin, Vasily"]
[Result "1/2-1/2"]
[WhiteElo "2416"]
[BlackElo "2510"]
[PlyCount "36"]
[EventDate "2014.01.??"]
[EventType "swiss"]
[EventRounds "11"]
[EventCountry "AUS"]
[SourceDate "2014.01.02"]

1. e4 c5 2. Nf3 e6 3. d4 cxd4 4. Nxd4 a6 5. Bd3 Bc5 6. Nb3 Ba7 7. O-O Nc6 8.
Qe2 d6 9. Be3 Nf6 10. c4 O-O 11. Nc3 Bxe3 12. Qxe3 b6 13. Rfd1 Qc7 14. Rac1 Ne5
15. Be2 Bb7 16. f4 Ng6 17. Bf3 Rfd8 18. g3 Rac8 1/2-1/2

[Event "2014 Australian Championships"]
[Site "Melbourne"]
[Date "2014.01.05"]
[Round "6.2"]
[White "Cheng, Bobby"]
[Black "Sukandar, Irine"]
[Result "1-0"]
[WhiteElo "2433"]
[BlackElo "2369"]
[PlyCount "79"]
[EventDate "2014.01.??"]
[EventType "swiss"]
[EventRounds "11"]
[EventCountry "AUS"]
[SourceDate "2014.01.02"]
[WhiteClock "1:14:12"]
[BlackClock "0:55:44"]

1. d4 Nf6 2. c4 e6 3. Nf3 b6 4. g3 Bb4+ 5. Bd2 Bxd2+ 6. Qxd2 Bb7 7. Bg2 O-O 8.
O-O d5 9. Rd1 Nbd7 10. Ne5 Qe7 11. Nc3 Rfd8 12. Rac1 c5 13. Nxd7 Rxd7 14. cxd5
cxd4 15. Qxd4 Nxd5 16. Qa4 Rad8 17. Nxd5 exd5 18. Qxa7 Qb4 19. a3 Qxb2 20. Bh3
Re7 21. Bc8 Rxe2 22. Bxb7 Rxf2 23. Bxd5 Rd2 24. Qxf7+ Kh8 25. Qf4 Rxh2 26. Qd4
h6 27. Qxb2 Rxb2 28. Rd3 g5 29. Rcd1 Kg7 30. R1d2 Rxd2 31. Rxd2 Kf6 32. Kf2 Ke5
33. Re2+ Kd4 34. Bf3 Rf8 35. g4 Rf6 36. Re4+ Kc3 37. Ke3 Kb3 38. a4 Rd6 39. Be2
Rf6 40. Kd4 1-0

[Event "2014 Australian Championships"]
[Site "Melbourne"]
[Date "2014.01.05"]
[Round "6.3"]
[White "Tu, Hoang Thong"]
[Black "Zelesco, Karl"]
[Result "1-0"]
[WhiteElo "2428"]
[BlackElo "2242"]
[PlyCount "132"]
[EventDate "2014.01.??"]
[EventType "swiss"]
[EventRounds "11"]
[EventCountry "AUS"]
[SourceDate "2014.01.02"]
[WhiteClock "0:03:33"]
[BlackClock "0:01:09"]

1. e4 e6 2. b3 d5 3. Bb2 dxe4 4. Nc3 Nf6 5. Qe2 Be7 6. O-O-O O-O 7. g4 Nc6 8.
g5 Nd4 9. Qe1 Ne8 10. h4 f5 11. d3 exd3 12. Rxd3 c5 13. Nf3 Nxf3 14. Rxf3 Nc7
15. Rd3 Bd7 16. f4 Ne8 17. Qe5 Bd6 18. Rxd6 Nxd6 19. Ne4 Ne8 20. Nxc5 b6 21.
Nxe6 Bxe6 22. Qxe6+ Kh8 23. h5 Qc7 24. Be5 Qb7 25. Rh3 Rc8 26. h6 Rc6 27. hxg7+
Nxg7 28. Bxg7+ Qxg7 29. Qxc6 Qa1+ 30. Kd2 Qxf1 31. Qc3+ Kg8 32. Qc4+ Qxc4 33.
bxc4 Rc8 34. Kd3 Rc5 35. Kd4 Ra5 36. Rc3 Rxa2 37. c5 bxc5+ 38. Rxc5 Kg7 39. Ke5
Kg6 40. Rc6+ Kh5 41. Kxf5 Ra5+ 42. Ke4 Kg4 43. g6 hxg6 44. Rxg6+ Kh5 45. Rc6
Ra1 46. c4 a5 47. Kf5 a4 48. Rc8 Kh6 49. Kf6 Kh5 50. f5 a3 51. Rh8+ Kg4 52. Rh2
Rc1 53. Kg6 Kf4 54. f6 Ke5 55. f7 Rg1+ 56. Kh7 Rf1 57. Kg8 Rg1+ 58. Kf8 Kd4 59.
Rf2 Rb1 60. Kg7 Rb8 61. Ra2 Kxc4 62. Rxa3 Rb7 63. Kg8 Kd5 64. f8=Q Rb1 65. Qf5+
Kd6 66. Qxb1 Kd5 1-0

[Event "2014 Australian Championships"]
[Site "Melbourne"]
[Date "2014.01.05"]
[Round "6.4"]
[White "Solomon, Stephen"]
[Black "Morris, James"]
[Result "1-0"]
[WhiteElo "2371"]
[BlackElo "2405"]
[PlyCount "95"]
[EventDate "2014.01.??"]
[EventType "swiss"]
[EventRounds "11"]
[EventCountry "AUS"]
[SourceDate "2014.01.02"]

1. e4 g6 2. d4 Bg7 3. Nc3 d6 4. Be3 a6 5. Qd2 Nd7 6. h4 h5 7. Nh3 b5 8. Ng5 Bb7
9. a4 b4 10. Bc4 e6 11. Ne2 Ngf6 12. Bd3 c5 13. f3 O-O 14. O-O cxd4 15. Nxd4 d5
16. Qxb4 Rb8 17. Qd6 dxe4 18. fxe4 Ng4 19. Ndxe6 fxe6 20. Qxe6+ Kh8 21. Qxg6
Ndf6 22. Rxf6 Nxf6 23. Rf1 Qe8 24. Rxf6 Qxg6 25. Rxg6 Bc8 26. b3 a5 27. Ne6
Bxe6 28. Rxe6 Rf6 29. Re7 Rg6 30. e5 Rg3 31. Bf4 Rg4 32. g3 Rf8 33. Kf2 Rfxf4+
34. gxf4 Rxf4+ 35. Ke3 Rf8 36. Kd4 Rd8+ 37. Kc4 Kg8 38. Bg6 Rb8 39. e6 Bf6 40.
Ra7 Rb4+ 41. Kd5 Rd4+ 42. Kc6 Rg4 43. Bh7+ Kh8 44. Bd3 Bxh4 45. Rxa5 Bg5 46.
Ra7 Kg8 47. e7 Kf7 48. Bg6+ 1-0

[Event "2014 Australian Championships"]
[Site "Melbourne"]
[Date "2014.01.05"]
[Round "6.5"]
[White "Bjebork, Igor"]
[Black "Goldenberg, Igor"]
[Result "1/2-1/2"]
[WhiteElo "2339"]
[BlackElo "2373"]
[PlyCount "93"]
[EventDate "2014.01.??"]
[EventType "swiss"]
[EventRounds "11"]
[EventCountry "AUS"]
[SourceDate "2014.01.02"]
[WhiteClock "0:26:13"]
[BlackClock "0:20:46"]

1. Nf3 c5 2. c4 Nf6 3. Nc3 e6 4. g3 b6 5. Bg2 Bb7 6. O-O Be7 7. e3 O-O 8. b3
Ne4 9. Bb2 Bf6 10. Rc1 d6 11. Qe2 Nd7 12. Rfd1 Qe7 13. d4 Rac8 14. Nb5 a6 15.
Nd2 axb5 16. Nxe4 Bxe4 17. Bxe4 bxc4 18. bxc4 Rc7 19. Qc2 g6 20. Qb3 Rb8 21. a4
cxd4 22. exd4 e5 23. Bd5 exd4 24. Qb4 Ra7 25. Ra1 Nc5 26. Bxd4 Bxd4 27. Rxd4
Qf6 28. Rdd1 Nd3 29. Qd2 Nc5 30. Qc2 Re8 31. Ra3 Re5 32. Rb1 Qd8 33. Kg2 Qc7
34. h4 Qd8 35. Rb4 Ra6 36. Qb2 Nd7 37. Rab3 h5 38. f4 Re1 39. Kf2 Qe7 40. Qc2
Kf8 41. Bf3 Nf6 42. Qb2 Kg8 43. Qd4 Ng4+ 44. Bxg4 hxg4 45. Re3 Rxe3 46. Qxe3
Qf6 47. Qd2 1/2-1/2

[Event "2014 Australian Championships"]
[Site "Melbourne"]
[Date "2014.01.05"]
[Round "6.6"]
[White "Johansen, Darryl"]
[Black "Zulfic, Fedja"]
[Result "1/2-1/2"]
[WhiteElo "2406"]
[BlackElo "2152"]
[PlyCount "67"]
[EventDate "2014.01.??"]
[EventType "swiss"]
[EventRounds "11"]
[EventCountry "AUS"]
[SourceDate "2014.01.02"]
[WhiteClock "0:36:31"]
[BlackClock "0:29:14"]

1. c4 Nf6 2. Nf3 g6 3. Nc3 d5 4. cxd5 Nxd5 5. Qa4+ Nc6 6. Ne5 Qd6 7. Nxc6 Qxc6
8. Qxc6+ bxc6 9. b3 Bg7 10. Bb2 Nxc3 11. Bxc3 Bxc3 12. dxc3 Be6 13. c4 c5 14.
O-O-O a5 15. g3 Ra6 16. Bg2 Rd6 17. Bd5 Bxd5 18. cxd5 c6 19. dxc6 Kd8 20. Kb2
Kc7 21. Rc1 Rd2+ 22. Rc2 Rhd8 23. Rhc1 Kxc6 24. Rxd2 Rxd2+ 25. Rc2 Rd8 26. Kc1
Kb5 27. Rc4 e5 28. Kc2 Rd4 29. Rc3 f5 30. e3 Rd8 31. f3 h6 32. a4+ Kc6 33. Rd3
Rb8 34. Rd2 1/2-1/2

[Event "2014 Australian Championships"]
[Site "Melbourne"]
[Date "2014.01.05"]
[Round "6.7"]
[White "Lane, Gary"]
[Black "McClymont, Brodie"]
[Result "1-0"]
[WhiteElo "2375"]
[BlackElo "2261"]
[PlyCount "89"]
[EventDate "2014.01.??"]
[EventType "swiss"]
[EventRounds "11"]
[EventCountry "AUS"]
[SourceDate "2014.01.02"]

1. e4 c5 2. Nf3 d6 3. d4 cxd4 4. Nxd4 Nf6 5. Nc3 a6 6. f4 e5 7. Nf3 Nbd7 8. a4
Be7 9. Bc4 O-O 10. Qe2 Qc7 11. O-O exf4 12. Bxf4 Ne5 13. Bb3 Ned7 14. Bc4 Ne5
15. Bb3 Be6 16. Nd5 Bxd5 17. exd5 Ng6 18. Be3 Rfe8 19. Rae1 Bf8 20. Qd1 Qa5 21.
c3 Ne7 22. Bd4 Nf5 23. Bxf6 gxf6 24. Qd3 Qb6+ 25. Nd4 Nxd4 26. cxd4 Bg7 27. Bc2
h6 28. b3 Qb4 29. Re4 Rxe4 30. Qxe4 Kf8 31. Re1 f5 32. Qe7+ Kg8 33. Bxf5 Qxb3
34. Qxd6 Qxa4 35. Kh1 Qxd4 36. Qd7 Qh4 37. g3 Qb4 38. Rf1 Rf8 39. Bb1 Qb6 40.
Be4 a5 41. d6 f5 42. Qe6+ Kh8 43. Rxf5 Qd4 44. d7 Bf6 45. Qe8 1-0

[Event "2014 Australian Championships"]
[Site "Melbourne"]
[Date "2014.01.05"]
[Round "6.8"]
[White "Smirnov, Anton"]
[Black "Matheson, Laurence"]
[Result "1/2-1/2"]
[WhiteElo "2338"]
[BlackElo "2161"]
[PlyCount "81"]
[EventDate "2014.01.??"]
[EventType "swiss"]
[EventRounds "11"]
[EventCountry "AUS"]
[SourceDate "2014.01.02"]

1. e4 c6 2. d4 d5 3. Nc3 dxe4 4. Nxe4 Bf5 5. Ng3 Bg6 6. h4 h6 7. Nf3 e6 8. h5
Bh7 9. Bd3 Bxd3 10. Qxd3 Nf6 11. Bd2 c5 12. O-O-O Nc6 13. Be3 Qa5 14. Qb3 O-O-O
15. Ne5 Nxe5 16. dxe5 Nd5 17. Kb1 Qb4 18. Qxb4 Nxb4 19. Rxd8+ Kxd8 20. Rd1+ Kc7
21. c4 b6 22. Ne4 Be7 23. a3 Nc6 24. f4 Rg8 25. g3 Na5 26. Rc1 Rd8 27. Nd2 f6
28. exf6 Bxf6 29. Kc2 Bd4 30. Bxd4 Rxd4 31. Re1 Nxc4 32. Nb3 Rd5 33. Rxe6 Rxh5
34. Kc3 Nd6 35. Re7+ Kc6 36. Rxg7 Rh3 37. Nd2 Nf5 38. Rg6+ Kd5 39. Nf1 Rh1 40.
Rf6 Nd4 41. Nd2 1/2-1/2